1334 1230 1575 1255 1038 1265 1880 1968 1307 1358 1424 1109 1309 1798 1547 1719 1036 1316 1554 1583 1322 1170 1026 1203 1919 1459 1859 1995 1166 1361 1938 1596 1028 1587 1484 1174 1016 1008 1483 1377 1773 1744 1404 1798 1530 1284 1239 1443 1792 1850 1198 1082 1368 1258 1302 1252 1470 1706 1734 1444 1663 1732 1609 1169 1204 1677 1042 1617 1850 1262 1510 1226 1510 1854 1435 1507 1026 2000 1413 1036 1187 1019 1472 1641 1512 1472 1418 1002 1629 1171 1153 1161 1917 1816 1329 1947 1565 1747 1602 BCNSPRNW ULIB Ver.6.0+V

เปลี่ยนเป็นภาษาไทย

Change to English
 แสดงรายละเอียดบรรณานุกรม
  กลับหน้าหลัก

Brief Record : Get Marc (ISO 2709) : E-mail record : QR code < ปิดหน้าต่าง
LEADER : 00000nam 2200000uu 4500
001    13399114904
003     ULIB
008    110428s2553||||th 000 0 tha d
020    9789746603713
050  4 BQ4570.L5^bว77
100 0  ว. วชิรเมธี.
245 10 ลายแทงแห่งความสุข =^bThe secret of happiness /^cว.วชิรเมธี.
250    พิมพ์ครั้งที่ 9
260    กรุงเทพฯ :^bปราณพับลิชชิ่ง,^c2553.
300    197 หน้า :^bภาพประกอบ ;^c19 ซม.
505 2  เปลือกนอก : กิเลสพอกต้องลอกทิ้ง -- หัวใจ :พื้นที่แห่งความกรุณา -- ร่างกาย : ข้างนอกสดใส ข้างในสดชื่น-- ชีวิต : ความจริงที่ต้องยอมรับ -- สมอง : จริยธรรมกับการเมือง.
650  4 ธรรมะกับชีวิตประจำวัน.
650  4 การดำเนินชีวิต.
700 0  พระมหาวุฒิชัย วชิรเมธี.
945    ^p145^l0^i032079
945    ^p145^l0^i032080
945    ^p145^l0^i032081
995    ทศพร
999 ^a ใช้งานได้ทุกระบบ
รายการนี้ยังไม่มีแท็ก
คุณยังไม่ได้ล็อกอิน คุณสามารถมีกิจกรรมร่วมกับเว็บไซต์ได้ แต่ต้องล็อกอินก่อน ::
  ล็อกอิน

รายการสื่อสารสนเทศ

ลำดับที่ ประเภท เลขเรียก/บาร์โค้ด สถานที่ สถานะ
- ไม่พบข้อมูล -

รายการใกล้เคียง
    ผู้แต่ง [ว. วชิรเมธี.]

    หัวเรื่อง [ธรรมะกับชีวิตประจำวัน.]
    หัวเรื่อง [การดำเนินชีวิต.]

BibComment


ยังไม่เคยถูกคอมเมนท์

คอมเมนท์ทรัพยากรรายการนี้
  คอมเมนท์: ลายแทงแห่งความสุข..


 Copyright 2026. Bcnsprnw @Library